Lack of notice: problems on rent review (Record no. 70553)

MARC details
000 -LEADER
fixed length control field 01055cam a2200253 4500
001 - CONTROL NUMBER
control field X118506
008 - FIXED-LENGTH DATA ELEMENTS--GENERAL INFORMATION
fixed length control field 020624n2002 000 0 eng u
035 ## - SYSTEM CONTROL NUMBER
System control number (Sirsi) u118506
100 ## - MAIN ENTRY--PERSONAL NAME
Personal name Ross, J
245 ## - TITLE STATEMENT
Title Lack of notice: problems on rent review
260 ## - PUBLICATION, DISTRIBUTION, ETC.
Date of publication, distribution, etc. 2002
490 ## - SERIES STATEMENT
Series statement New Law Journal
Volume/sequential designation 152(7028) 19 April 2002, 581-592(2)
520 ## - SUMMARY, ETC.
Summary, etc. Discusses what happens when rent review notices or counter-notices are served outside time-frame set in the lease. Asks whether time is of essence or not, and effect of missing right to review.
650 ## - SUBJECT ADDED ENTRY--TOPICAL TERM
Topical term or geographic name entry element CHEAPSIDE LAND DEVELOPMENT CO V MESSELS SERVICE CO
650 ## - SUBJECT ADDED ENTRY--TOPICAL TERM
Topical term or geographic name entry element UNITED SCIENTIFIC HOLDINGS LTD V BURNLEY BC
650 ## - SUBJECT ADDED ENTRY--TOPICAL TERM
Topical term or geographic name entry element STARMARK ENTERPRISES V CPL DISTRIBUTION
650 ## - SUBJECT ADDED ENTRY--TOPICAL TERM
Topical term or geographic name entry element ICELAND FOODS PLC V DANGOOR
650 ## - SUBJECT ADDED ENTRY--TOPICAL TERM
Topical term or geographic name entry element FIRST PROPERTY GROWTH PARTNERSHIP LP V ROYAL AND SUN ALLIANCE PROPERTY SERVICES LTD
650 ## - SUBJECT ADDED ENTRY--TOPICAL TERM
Topical term or geographic name entry element MCDONALD'S PROPERTY CO LTD V HSBC BANK
650 ## - SUBJECT ADDED ENTRY--TOPICAL TERM
Topical term or geographic name entry element RENT REVIEW NOTICE
650 ## - SUBJECT ADDED ENTRY--TOPICAL TERM
Topical term or geographic name entry element COUNTERNOTICES
690 ## - LOCAL SUBJECT ADDED ENTRY--TOPICAL TERM (OCLC, RLIN)
Topical term or geographic name as entry element LANDLORD AND TENANT-RENT REVIEWS
942 ## - ADDED ENTRY ELEMENTS (KOHA)
Suppress in OPAC 0
Holdings
Withdrawn status Lost status Source of classification or shelving scheme Damaged status Not for loan Home library Current library Shelving location Date acquired Total Checkouts Barcode Date last seen Copy number Price effective from Koha item type
    Dewey Decimal Classification     London London Journal article 24/06/2002   118506-1001 06/08/2019 1 06/08/2019 Journal article